Study on effectiveness of agricultural extension of cambodia harvest project in siem reap province, សិក្សាពីប្រសិទ្ធភាពនៃការផ្សព្វផ្សាយបច្ចេកទេសកសិកម្មរបស់គម្រោងកម្ពុជាហាវេស៍ នៅក្រុងសៀមរាប ខេត្តសៀមរាប (Record no. 9385)

000 -LEADER
fixed length control field 00783nam a22001337a 4500
040 ## - CATALOGING SOURCE
Transcribing agency RUA
082 ## - DEWEY DECIMAL CLASSIFICATION NUMBER
Classification number ATM MEA 2013 B515 Or.
100 ## - MAIN ENTRY--AUTHOR NAME
Personal name MEAS CHONSITHA; មាស ចនស៊ីថា
245 ## - TITLE STATEMENT
Title Study on effectiveness of agricultural extension of cambodia harvest project in siem reap province, សិក្សាពីប្រសិទ្ធភាពនៃការផ្សព្វផ្សាយបច្ចេកទេសកសិកម្មរបស់គម្រោងកម្ពុជាហាវេស៍ នៅក្រុងសៀមរាប ខេត្តសៀមរាប
260 ## - PUBLICATION, DISTRIBUTION, ETC. (IMPRINT)
Place of publication RUA
Name of publisher Phnom Penh
Year of publication 2013
300 ## - PHYSICAL DESCRIPTION
Number of Pages xi; 54p.
Other physical details ill.
Dimensions 29cm.
856 ## - ELECTRONIC LOCATION AND ACCESS
Uniform Resource Identifier https://drive.google.com/file/d/1YHAr-dNNcanUxpQJFwwp46_x_rphrfgY/view?usp=sharing
942 ## - ADDED ENTRY ELEMENTS (KOHA)
Koha item type ATM
952 ## - LOCATION AND ITEM INFORMATION (KOHA)
Withdrawn status [LOCAL, KOHA] 0
952 ## - LOCATION AND ITEM INFORMATION (KOHA)
Withdrawn status [LOCAL, KOHA] 0
952 ## - LOCATION AND ITEM INFORMATION (KOHA)
Withdrawn status [LOCAL, KOHA] 0
952 ## - LOCATION AND ITEM INFORMATION (KOHA)
Withdrawn status [LOCAL, KOHA] 0
952 ## - LOCATION AND ITEM INFORMATION (KOHA)
Withdrawn status [LOCAL, KOHA] 0
952 ## - LOCATION AND ITEM INFORMATION (KOHA)
Withdrawn status [LOCAL, KOHA] 0
952 ## - LOCATION AND ITEM INFORMATION (KOHA)
Withdrawn status [LOCAL, KOHA] 0
952 ## - LOCATION AND ITEM INFORMATION (KOHA)
Withdrawn status [LOCAL, KOHA] 0
Holdings
Koha item type Barcode Lost status Permanent Location Current Location Date acquired Full call number
ATMRUA062235 Library Block BLibrary Block B2016-08-31ATM MEA 2013 B515 Or.1
ATMRUA061907 Library Block BLibrary Block B2016-08-31ATM MEA 2013 B515 Or.2
ATMRUA061632 Library Block BLibrary Block B2016-08-31ATM MEA 2013 B515 Or.3
ATMRUA061851 Library Block BLibrary Block B2016-08-31ATM MEA 2013 B515 Or.4
ATMRUA061911 Library Block BLibrary Block B2016-08-31ATM MEA 2013 B515 Or.5
ATMRUA061688 Library Block BLibrary Block B2016-08-31ATM MEA 2013 B515 Or.6
ATMRUA062195 Library Block BLibrary Block B2016-08-31ATM MEA 2013 B515 Or.7
ATMRUA062156 Library Block BLibrary Block B2016-08-31ATM MEA 2013 B515 Or.8
មជ្ឈមណ្ឌលឯការនៃសាកលវិទ្យាល័យភូមិន្ទកសិកម្មចំការដូង

Powered by Koha